000
00339nam a2200145Ia 4500
008
230718s9999 xx 000 0 und d
041
_a
Eng.
082
_a
342.5
_b
ACT-T
100
_a
Actasthi S.K
245
4
_a
The constitution of India
260
_a
Pakistan
_b
Dewiedi law House
_c
2010
300
_a
1312
650
_a
Law
999
_c
29960
_d
29960